CABE launches Europan 9 UK (Record no. 78367)

MARC details
000 -LEADER
fixed length control field 01057cab a2200217 4500
001 - CONTROL NUMBER
control field ##L136606
008 - FIXED-LENGTH DATA ELEMENTS--GENERAL INFORMATION
fixed length control field 070212n2007 000 0 eng u
035 ## - SYSTEM CONTROL NUMBER
System control number (Sirsi) u136606
041 0# - LANGUAGE CODE
Language code of text/sound track or separate title eng
110 2# - MAIN ENTRY--CORPORATE NAME
Corporate name or jurisdiction name as entry element Commission for Architecture and the Built Environment
9 (RLIN) 4058
245 00 - TITLE STATEMENT
Title CABE launches Europan 9 UK
Medium [electronic resource]
260 ## - PUBLICATION, DISTRIBUTION, ETC.
Date of publication, distribution, etc. 2007
490 #0 - SERIES STATEMENT
Series statement CABE Press Release
Volume/sequential designation 6 February 2007
520 ## - SUMMARY, ETC.
Summary, etc. The theme of Europe's biennial housing competition is sustainable cities and new public spaces. The three UK sites allocated for new housing designed by competition winners are: a waterside regeneration site in Stoke-on-Trent; a hilltop site in central Sheffield; and a greenfield site in Milton Keynes' western expansion area. The deadline for registrations is 31 May 2007.
590 ## - LOCAL NOTE (RLIN)
Local note KA
650 24 - SUBJECT ADDED ENTRY--TOPICAL TERM
Topical term or geographic name entry element EUROPAN NINE
651 #4 - SUBJECT ADDED ENTRY--GEOGRAPHIC NAME
Geographic name EUROPE
690 ## - LOCAL SUBJECT ADDED ENTRY--TOPICAL TERM (OCLC, RLIN)
Topical term or geographic name as entry element PROPERTY-RESIDENTIAL PROPERTY-RESIDENTIAL PROPERTY DEVELOPMEMT
856 40 - ELECTRONIC LOCATION AND ACCESS
Uniform Resource Identifier <a href="https://www.cabe.org.uk/default.aspx?contentitemid=1740">https://www.cabe.org.uk/default.aspx?contentitemid=1740</a>
Public note View the www.cabe.org.uk...
942 ## - ADDED ENTRY ELEMENTS (KOHA)
Suppress in OPAC 0
Holdings
Withdrawn status Lost status Source of classification or shelving scheme Damaged status Not for loan Home library Current library Shelving location Date acquired Total Checkouts Full call number Barcode Date last seen Copy number Price effective from Koha item type
    Dewey Decimal Classification     Virtual Virtual Online 12/02/2007   ONLINE PUBLICATION 136606-2001 06/08/2019 1 06/08/2019 Journal article